00776nam a22001817a 4500003000400000005001700004008004100021020001800062040002300080082002300103100001900126245008100145260006000226300002500286504005100311520020300362650002900565OSt20240530110421.0150311s2009 ua f b 001 0 eng d a9789774163340 aEG-CaGPLcEG-CaGPL04221a330.962bCC/RE0 aRabab El-Mahdi10aEgypt :bthe moment of change /cedited by Rabab El-Mahdi & Philip Marfleet. aCairo :bThe American University In Cairo Press,c2009. axi, 186 p. ;c22 cm. aIncludes bibliographical references and index. aThis text comprehensively and accessibly examines contemporary issues in Egypt. It presents a series of analyses of politics, culture and society, including many by Egyptian academics and activists.04aSocial conditionszEgypt